000 00711nas a2200253 4500
001 BR0705855
003 BR-BrBNA
005 20231205111214.0
007 ta
008 230509b bl.|||p| |||| 00| 00por d
040 _aBR-BrBNA
_bpor
_cBiblioteca Nacional de Agricultura
041 _a(Pt)
072 _aL02; L51
100 1 _aReis, R.A.
100 1 _aNussio, L.G.
245 1 _aSuplementação com volumosos em pastagens
650 _aBOVINO
650 _aSUPLEMENTO ALIMENTAR
650 _aPASTAGEM
650 _aVOLUMOSOS
773 0 _tVisão Agrícola (Brazil)
_xISSN 1806-6402
_g(Jan-Jun 2005), v. 2(3) p. 40-42
_wBR0705855
909 _a202311
_bLúcia
_c55
_dLúcia Elande
942 _2AGRIS
_n0
_cANA
999 _c191337
_d191337